000 01384nas1a22003251i 4500
001 RU\NLR\Per\553712
005 20240726080806.0
011 _a1992-6448
035 _a(NLR Aleph) 002847324
090 _a2985303
_c2985303
100 _a20080708a20069999|||y0rusy50 ca
101 0 _arus
102 _aRU
110 _aae|||||||||
200 1 _aПечатный монтаж
_eприложение к журналу "Электроника: наука, технология, бизнес"
210 _aМосква
_cТехносфера
_d2006 -
225 1 _aCircuiTree
309 _aС 2012 печатается на страницах журн.: Электроника: наука, технология, бизнес
422 0 _12001#$aЭлектроника: наука, технология, бизнес
_tЭлектроника: наука, технология, бизнес
801 0 _aRU
_bNLR
_gPSBO
801 1 _aRU
_bNLR
_c20080708
_2rusmarc
801 2 _aRU
_bNLR
_c20080926
_2rusmarc
852 _aNLR
_jП11/5436
852 _aNLR
_jП11/3931
_yс 2012
942 _cJOURNAL
980 _aRUSPER